EL EZLN Y SENDERO LUMINOSO : RADICALISMO DE IZQUIERDA Y CONFRONTACION POLITICO-MILITAR EN AMERICA LATINA /

Uloženo v:
Podrobná bibliografie
Hlavní autor: Lora Cam, Jorge (autor)
Médium: Kniha
Témata:
Tagy: Přidat tag
Žádné tagy, Buďte první, kdo vytvoří štítek k tomuto záznamu!

MARC

LEADER 00000nam^a2200000^a^4500
001 000247156
005 20250521000000.0
009 20260310105601.94
020 |a 968-863-300-3 
035 |a 070883 
037 |a Acervo Xavier Clavigero 
082 |a 322. 42 LOR 
100 |a Lora Cam, Jorge  |e (autor) 
245 1 3 |a EL EZLN Y SENDERO LUMINOSO :  |b RADICALISMO DE IZQUIERDA Y CONFRONTACION POLITICO-MILITAR EN AMERICA LATINA /  |c JORGE LORA CAM 
264 |a PUEBLA, PUE. :  |b BUAP,  |c 1999 
300 |a 448 p. 
336 |a texto  |b txt  |2 rdacontenido 
337 |a sin mediación  |b n  |2 rdamedio 
338 |a volumen  |b nc  |2 rdasoporte 
610 |a Ejército Zapatista de Liberación Nacional 
649 |a XX 
650 |a Guerrilla -  |z Latinoamérica 
650 |a Sendero Luminoso 
910 |a Fondo General 
920 |a Impresos - Libros 
930 |a Colección General 
905 |a 101 
901 |a 070883  |b IT1  |c ACC  |i 070883  |u 20250521 
902 |a https://opac.biblio.iteso.mx/vufind/Record/000247156